|
|
|
|
| LEADER |
00000nab a2200000 a 4500 |
| 001 |
vtls009964455 |
| 003 |
SK-MaSNL |
| 005 |
20260304152532.0 |
| 008 |
250506c2008 xo br|p|||||||000 b|slo |
| 015 |
|
|
|a SNBRB2009/10
|2 snkbucl
|
| 035 |
|
|
|a (uuid)ac1c78ce-9c19-438a-95d7-7a0c213dd169
|
| 035 |
|
|
|a urn:nbn:sk:snk-ab2zte
|
| 035 |
|
|
|a (urnnbn)urn:nbn:sk:snk:ar-a04adv
|
| 038 |
|
|
|a SNKBUCL
|
| 040 |
|
|
|a SNKBUCL
|b slo
|c SNKBUCL
|e AACR2
|
| 041 |
0 |
|
|a slo
|
| 044 |
|
|
|a xo
|c SK
|
| 080 |
|
|
|a 347.7
|2 2001
|
| 080 |
|
|
|a 346.546.7
|2 2001
|
| 080 |
|
|
|a 334.758
|2 2001
|
| 100 |
1 |
|
|a Martinkovičová, Marcela
|4 aut
|9 1056325
|
| 245 |
1 |
0 |
|a K novele Obchodného zákonníka
|b cezhraničná fúzia
|n 1. časť
|c Marcela Martinkovičová
|
| 504 |
|
|
|a Bibliogr. odkazy
|
| 630 |
0 |
7 |
|a Obchodný zákonník
|2 snkbucl
|9 293712
|
| 650 |
0 |
7 |
|a obchodné právo
|2 snkbucl
|9 2216
|
| 650 |
0 |
7 |
|a cezhraničná spolupráca
|2 snkbucl
|9 4908
|
| 773 |
0 |
|
|t Obchodné právo
|g Roč. IX, č. 1-2 (2008), s. 91-96
|x 1335-6674
|
| 850 |
|
|
|a Slovenská národná knižnica
|
| 852 |
|
|
|a Slovenská národná knižnica
|
| 954 |
|
|
|a odborná, vedecká literatúra pôvodná (slovenská)
|2 lita
|
| 958 |
|
|
|a article2022
|
| 958 |
|
|
|a SK
|
| 958 |
|
|
|a NB
|
| 958 |
|
|
|a OND
|
| 958 |
|
|
|a EUIPO
|
| 999 |
|
|
|c 2949613
|d 2951543
|